000 00973cam a2200313 a 4500
001 000001238
005 20260224100501.0
008 841002s1969 it a 000 0 ita
040 _aDO-SdBNP
_cWU
_dDLC
082 _a649.1
_bG512n
245 0 0 _aGiovani nuova frontiera. /
_cGiampaolo Bonani... [et al.].
260 _aTorino, Italy :
_bSEI,
_c1969.
300 _a192 p. :
_bplates. ;
_c20 cm.
490 1 _aMondodoggi
_vno. 6
650 0 _aCrianza de niños
_94212
650 4 _aAdultos jovenes
_94213
700 1 _aBonani, Giampaolo.
_94214
700 1 _aMelotti, Umberto.
_94215
700 1 _aGiardina, Roberto.
_94216
700 1 _aRonza, Robi.
_94217
700 1 _aGiampaoli, Memmo.
_94218
700 1 _aNovelli, Piero.
_94219
700 1 _aCimó, Pino.
_94220
700 1 _aBalestro, Piero.
_94221
700 1 _aMartelli, Giampaolo.
_94222
700 1 _aQuarello, Piero.
_94223
830 0 _aMondodoggi ;
_vno. 6
_94224
910 _aCatalogación por copia / LC
999 _c1185
_d1185